000 00583-am-a2200193-a-4500
001 000213915
003 AM-YEHGA
005 20250617163958.0
008 010708s1962 xxu 000 0 rus u
020 _c00.31
040 _aAM-YeHGA
100 1 0 _aСутковой, В.Г.
245 1 0 _aЭсперанто-русский словарь /
_cВ.Г. Сутковой.
250 _a2-е, стер.
260 0 _aЛ. :
_bЛенинградского гос. ун-та ,
_c1962.
300 _a189.
650 4 _aЭсперанто-русские словари
090 _c519361
999 _c515820
_d515820